Studies on some concepts of the alankara sastra (Record no. 193108)

MARC details
000 -LEADER
fixed length control field 00397nam a2200145Ia 4500
008 - FIXED-LENGTH DATA ELEMENTS--GENERAL INFORMATION
fixed length control field 230917s9999||||xx |||||||||||||| ||und||
040 ## - CATALOGING SOURCE
-- 65772
Original cataloging agency VIVEKANANDA LIBRARY
041 ## - Language
-- English
082 ## - DDC NUMBER
Classification number 891.2109 R126S
100 ## - MAIN ENTRY--PERSONAL NAME
Personal name Raghavan, V
245 #0 - TITLE STATEMENT
Title Studies on some concepts of the alankara sastra
260 ## - PUBLICATION, DISTRIBUTION, ETC. (IMPRINT)
Place of publication, distribution, etc Madras
Name of publisher, distributor, etc Adyar Library and Research Centre
Date of publication, distribution, etc 1973
300 ## - PHYSICAL DESCRIPTION
Pages xxiv, 345 p.
942 ## - ADDED ENTRY ELEMENTS (KOHA)
Koha item type Books
Holdings
Withdrawn status Lost status Damaged status Not for loan Location (home branch) Sublocation or collection (holding branch) Date acquired Koha issues (times borrowed) Koha full call number Accession No. Koha date last seen Koha item type
        VIVEKANANDA LIBRARY VIVEKANANDA LIBRARY 16/01/2003   891.2109 R126S 50645 17/09/2023 Books
        VIVEKANANDA LIBRARY VIVEKANANDA LIBRARY 16/01/2003   891.2109 R126S 71088 17/09/2023 Books
        VIVEKANANDA LIBRARY VIVEKANANDA LIBRARY 16/01/2003   891.2109 R126S 71099 17/09/2023 Books
© Designed and Maintained by Vivekananda Library, MDU Rohtak